00321nam a2200109Ia 4500008004100000020001400041040004400055100001800099245006900117260000900186300001600195180412s9999||||xx |||||||||||||| ||und|| a433050128 aAhmadu Bello University Library - Zaria aCALNAN, James 0aOne way to do research;the A -Z for those who mustcJames Calnan c1976 aviii, 250p.